UM Logo

Improved measurement accuracy for junction-to-case thermal resistance of Gan HEMT packages by gate-to-gate electrical interface materials / (Record no. 19360)

MARC details
000 -LEADER
fixed length control field 01042nam a22002297a 4500
003 - CONTROL NUMBER IDENTIFIER
control field OSt
005 - DATE AND TIME OF LATEST TRANSACTION
control field 20250910094753.0
008 - FIXED-LENGTH DATA ELEMENTS--GENERAL INFORMATION
fixed length control field 240226b ||||| |||| 00| 0 eng d
040 ## - CATALOGING SOURCE
Transcribing agency 0
082 ## - DEWEY DECIMAL CLASSIFICATION NUMBER
Classification number DPer 621.317 Ie21 June 2022 v. 37 n. 6
100 ## - MAIN ENTRY--PERSONAL NAME
Personal name Lu, Shengchang.
Relator term author.
9 (RLIN) 53353
245 ## - TITLE STATEMENT
Title Improved measurement accuracy for junction-to-case thermal resistance of Gan HEMT packages by gate-to-gate electrical interface materials /
Statement of responsibility, etc. Shengchang Lu, Zichen Zhang, Cyril Buttay, Khai D. T. Ngo, and Guo-Quan Lu.
260 ## - PUBLICATION, DISTRIBUTION, ETC. (IMPRINT)
Place of publication, distribution, etc. New York ;
Name of publisher, distributor, etc. The Institute of Electrical and Electronics Engineers, Inc. ,
Date of publication, distribution, etc. June 2022.
300 ## - PHYSICAL DESCRIPTION
Extent Volume 37, pages 6285-6289 :
Other physical details illustration ;
Dimensions 29 cm.
500 ## - GENERAL NOTE
General note IEEE Transactions on Power Electronics, vol. 37, no. 6, pages 6285-6289, June 2022.
700 ## - ADDED ENTRY--PERSONAL NAME
Personal name Lu, Shengchang.
Relator term author.
9 (RLIN) 53353
700 ## - ADDED ENTRY--PERSONAL NAME
Personal name Zhang, Zichen.
Relator term author.
9 (RLIN) 53354
700 ## - ADDED ENTRY--PERSONAL NAME
Personal name Buttay, Cyril.
Relator term author.
9 (RLIN) 53355
700 ## - ADDED ENTRY--PERSONAL NAME
Personal name Ngo, Khai D. T.
Relator term author.
9 (RLIN) 53356
700 ## - ADDED ENTRY--PERSONAL NAME
Personal name Lu, Guo-Quan.
Relator term author.
9 (RLIN) 53357
942 ## - ADDED ENTRY ELEMENTS (KOHA)
Source of classification or shelving scheme Dewey Decimal Classification
Koha item type Periodicals
Holdings
Withdrawn status Lost status Source of classification or shelving scheme Damaged status Not for loan Collection code Home library Current library Date acquired Total Checkouts Full call number Date last seen Price effective from Koha item type Public note
    Dewey Decimal Classification     Periodicals UM Digos College - LIC UM Digos College - LIC 02/26/2024   DPer 621.317 Ie21 June 2022 v.37 n. 6 02/26/2024 02/26/2024 Filipiniana Periodical Article